[Event "83rd ESP-ch Women-ch 2018"]
[Site "Linares"]
[Date "2018.08.24"]
[Round "5"]
[White "Cesar Maestre, Bernardo"]
[Black "Romero Romero, Sebastian"]
[Result "1-0"]
[WhiteElo "1861"]
[BlackElo "2171"]
[Annotator "TA"]
[PlyCount "183"]
[EventDate "2018.08.09"]
[EventType "tourn"]
[EventCountry "ESP"]
[SourceTitle "playchess.com"]
[Source "ChessBase"]
[SourceQuality "1"]

{[%evp 14,183,32,30,28,8,8,-11,38,37,31,25,80,54,62,56,128,69,84,73,72,7,16,11,34,14,18,29,22,11,19,19,17,15,53,55,102,-62,-64,-80,-68,-59,141,147,139,71,87,0,15,-11,74,11,24,29,94,88,74,86,177,-43,19,0,128,131,135,0,0,0,0,0,0,0,0,0,0,0,0,0,107,72,108,109,96,75,477,453,449,431,423,424,392,347,361,279,296,288,597,541,747,254,255,254,269,240,475,475,475,475,475,464,470,466,456,233,233,233,233,233,233,233,233,233,240,131,450,285,456,456,456,233,233,211,211,211,211,211,211,211,211,211,211,211,233,211,233,211,12804,12807,12801,10947,9788,6840,2052,1716,1587,730,12832,12830,12832,12834,12833,12832,12839,12839,12845,12840,12841,12841,12847,683,12847,12848]} 1. d4 d6 2. Nf3 f5 3. g3 Nf6 4. Bg2 c6 5. O-O Qc7 6. c4 e5 7. dxe5 dxe5 8. Nc3 {LiveBook: 4 Games} Bb4 {A81: Dutch Defence: 2 g3} (8... Be7 9. e4 O-O 10. exf5 Bxf5 11. Re1 Nbd7 12. Ng5 Nc5 13. Nge4 Rad8 14. Qe2 Nfxe4 15. Nxe4 Ne6 16. Be3 Nd4 17. Bxd4 exd4 {½-½ (29) Simakov,A (2206)-Lukovnikov,A (2278) Tambov 2013}) 9. Qb3 (9. Qc2 {feels hotter.} e4 10. Nd4 Qf7 11. Be3 O-O 12. Rad1) 9... Na6 10. a3 Be7 {The position is equal.} 11. Qc2 O-O 12. b4 Kh8 $146 (12... e4 $11) ({Predecessor:} 12... e4 13. Nd4 c5 14. Bf4 Qd7 15. Ndb5 cxb4 16. axb4 Bxb4 {0-1 (32) Schulenberg,H-Simmelink,J Netherlands 1994}) 13. c5 e4 14. Nd4 Ng4 (14... Qd7 $14 15. Rd1 Qe8) 15. Bf4 (15. f3 $16 exf3 16. exf3) 15... Ne5 $1 $14 16. f3 g5 17. Bxe5+ ({White should play} 17. Bc1 $16) 17... Qxe5 $11 18. Rad1 {[%cal Rf3e4]} Nc7 19. fxe4 f4 20. gxf4 gxf4 21. Nf3 Qg7 22. Kh1 $36 {[%mdl 2048] White fights for an advantage.} Bf6 23. Nb1 Bg4 24. Nbd2 Nb5 25. a4 $2 (25. Nc4 $16) 25... Nd4 $15 26. Nxd4 Bxd4 27. Nf3 Rfd8 $2 (27... Be3 $15 {keeps the upper hand.}) 28. Nxd4 $16 Rxd4 29. Rxf4 (29. Bf3 $142 Bh3 30. Rg1) 29... Rg8 30. Rf2 (30. Rb1 $16) 30... Rxb4 $11 31. Rdf1 Qe5 (31... Be6 $11 {keeps the balance.}) 32. h3 (32. Rf8 $1 $16) 32... Be6 33. Rf8 Rxf8 (33... Rc4 $11 {remains equal.} 34. Rxg8+ Bxg8) 34. Rxf8+ $16 Kg7 35. Rf1 $1 Rb3 (35... b6 $16) 36. Rf3 $2 (36. Bf3 $1 $18) 36... Rb2 ({Better is} 36... Qb2 $15 37. Qd1 Qb1) 37. Qd3 Qxc5 (37... Rb4 $11) 38. Qd8 Rb1+ 39. Bf1 (39. Kh2 $1 $16 {White threatens Qf6+ and mate.} Qe5+ 40. Rg3+ Kf7 41. Bf3) 39... Qe5 $11 40. Qf8+ Kg6 41. Qe8+ Kh6 42. Qf8+ Kg6 43. Qe8+ Kh6 44. Qf8+ Kg6 45. Kg2 Qxe4 (45... h5 $1 $11) 46. Kf2 {White wants to mate with Rf6+.} Qd4+ 47. e3 {Threatening mate with Bd3+!} Rb2+ (47... Qb2+ $2 48. Be2 $18) 48. Be2 Qe5 $2 {[%mdl 8192]} (48... Rxe2+ $16 49. Kxe2 Qb2+ 50. Kf1 Qe5) 49. Rg3+ $18 Qxg3+ 50. Kxg3 {Intending Bd3+ and mate.} Rxe2 {[%mdl 4096] Endgame KQ-KRB} 51. Qe8+ Kf6 52. Qh8+ Kg6 53. Qd4 Ra2 54. Qxa7 b5 $2 (54... Bd5 55. Qd4 (55. Qxb7 Rxa4 56. Qc8 h5 $16) 55... Kf5 56. Qd3+ Kf6 57. Qxh7 Rxa4 58. Qxb7 Re4) 55. a5 b4 56. Qb6 $2 (56. Qe7 Kf5 57. Qxh7+ Ke5 58. Qg7+ Ke4 59. Qd4+ Kf5 60. e4+ Kg6 61. Qxb4) 56... b3 57. Qxc6 Kf6 58. Qb6 Ke5 $2 (58... b2 59. Kf4 Kf7 60. Qb7+ Kf6) 59. Qd4+ Kf5 60. e4+ Kg6 61. Qb6 Kf7 62. Qc7+ Kf6 63. Qd8+ (63. Qxh7 $142 {Strongly threatening Kf4.} Ke5 64. Kf3) 63... Ke5 {[#]} 64. Kf3 $1 {[%cal Rf3e3]} b2 65. Qh8+ Kd6 66. Qd4+ Ke7 67. Qb4+ Kf7 {[#]} 68. Kf4 (68. Qb7+ $1 $18 Ke8 69. a6) 68... h6 $2 {[%mdl 8192]} (68... Bxh3 $16 {is a better chance.} 69. Qb7+ Kg6) 69. h4 h5 {[#]} (69... Kg7 {keeps fighting.} 70. a6 Kg6) 70. a6 $1 Kg6 {[#]} (70... Rxa6 71. Qxb2) 71. a7 $1 Rxa7 72. Qxb2 {And now Ke5 would win.} Rf7+ 73. Ke5 Bg4 74. Qb6+ Kg7 75. Qd6 Rf3 76. Qe7+ Rf7 77. Qg5+ Kf8 78. Kd6 Rd7+ 79. Kc6 Rd3 $2 (79... Rg7 80. Qd8+ Kf7) 80. e5 {White is clearly winning.} Rc3+ 81. Kd5 Rd3+ 82. Ke4 Rd1 83. Qh6+ Ke7 84. Qa6 Re1+ 85. Kf4 Re2 86. Qd6+ Kf7 87. Kg5 Ke8 88. Qc7 Kf8 89. Kg6 {[%csl Gg6][%cal Rc7f7]} Ke8 90. Kg7 Rd2 91. Qf7+ Kd8 {Threatens to win with ...Rd7.} 92. e6 {Precision: White = 51%, Black = 33%.} 1-0

[Event "83rd ESP-ch Women-ch 2018"]
[Site "Linares"]
[Date "2018.08.25"]
[Round "6"]
[White "Anton Guijarro, David"]
[Black "Tejedor Fuente, Enrique"]
[Result "1/2-1/2"]
[WhiteElo "2652"]
[BlackElo "2408"]
[Annotator "TA"]
[PlyCount "210"]
[EventDate "2018.08.20"]
[EventType "swiss"]
[EventCountry "ESP"]
[SourceTitle "playchess.com"]
[Source "ChessBase"]
[SourceQuality "1"]

{[%evp 21,210,36,49,42,34,4,8,9,61,49,66,57,84,75,79,69,105,118,120,123,226,138,138,138,140,141,173,140,141,114,118,129,172,173,183,118,127,117,130,127,141,125,145,97,104,104,106,102,99,102,110,114,192,166,173,181,181,135,231,122,202,176,273,273,273,273,281,281,277,277,273,273,271,0,155,64,68,70,77,11,12,11,12,14,52,51,91,41,68,0,8,8,20,22,25,25,468,468,468,442,468,442,558,558,558,442,442,442,442,442,442,442,442,442,442,442,442,442,442,442,442,442,442,442,442,442,442,442,442,442,442,442,442,442,442,442,442,0,442,442,442,442,442,442,442,442,442,442,442,442,442,442,442,442,442,442,442,442,442,442,442,442,442,442,442,442,442,442,442,442,442,442,442,442,442,442,442,442,442,442,442,442,442,442,442,442,442,8,8,8,8]} 1. d4 e6 2. Nf3 Nf6 3. c4 Bb4+ 4. Bd2 Bxd2+ 5. Qxd2 b6 6. g3 Bb7 7. Bg2 d6 8. O-O Nbd7 9. Qc2 O-O 10. Nc3 c5 11. Rfd1 {E16: Damenindisch (Hauptfortsetzung mit Lb4)} Qe7 {LiveBook: 4 Partien} 12. d5 exd5 13. Nh4 {Sf5 ist eine echte Drohung.Weiß steht etwas besser.} g6 {[#]} 14. cxd5 $146 ({Vorgänger:} 14. Nxd5 Nxd5 15. Bxd5 Bxd5 16. Rxd5 Nf6 {½-½ (32) Santos Latasa,J (2565)-Iturrizaga Bonelli,E (2671) Dubai 2017}) 14... Ne8 ({Besser ist} 14... a6 $11) 15. e4 $14 Nc7 16. f4 f6 17. a4 a6 18. Bf1 b5 19. axb5 axb5 20. Nxb5 Na6 (20... Nxb5 $16 21. Bxb5 Nb6) 21. Nc3 Nb4 22. Qd2 Rxa1 23. Rxa1 Ra8 24. Ra3 Nb6 25. Qe2 Ba6 26. Qg4 Bxf1 27. Rxa8+ ({Bloß nicht} 27. Kxf1 $6 Rxa3 28. bxa3 Nc2 $14) 27... Nxa8 28. Kxf1 (28. Nf5 $18 Qd8 29. Kxf1) 28... Nb6 $16 29. Qe2 Qd7 30. Kg2 Na4 31. Nf3 Qe8 32. Kf2 Nxb2 33. Ne1 Na4 34. Qb5 Qxb5 35. Nxb5 {[%mdl 4096] Endspiel KSS-KSS} f5 36. exf5 Nxd5 (36... c4 $16 {war einen Versuch wert.} 37. Nxd6 Nb6) 37. Nxd6 Nab6 38. fxg6 hxg6 39. Nf3 Kg7 (39... c4 $16 40. Ke2 Kg7) 40. Ke2 ({Lieber} 40. Ne5 $18) 40... Nf6 (40... c4 $16 41. Ne5 c3) 41. Kd3 Nfd5 (41... Nfd7 {ist eine bessere Verteidigung.} 42. Nc4 Kf6 43. Nxb6 Nxb6) 42. Ne4 $18 Nb4+ 43. Kd2 Nd7 44. Kc3 Nd5+ 45. Kc4 Ne3+ 46. Kd3 Ng4 47. Kc4 (47. h3 $18 Ngf6 48. Nfg5) 47... Ne3+ $16 {[#]} 48. Kb5 (48. Kb3 $1 $16) 48... c4 $14 49. Kb4 {Und Kc3 würde nun gewinnen.} Nf6 50. Nf2 ({Günstiger ist} 50. Ned2 $16) 50... Nfd5+ $11 51. Kc5 c3 52. Nd3 Kf6 53. Kd4 {Schwarz muss nun Ke4 beachten.} Ke6 54. Ke4 {Droht Sd4+ und aus.} Nf1 55. Kd4 (55. Nc5+ $1 $14 Kd6 56. Nb3) 55... c2 56. Nc1 Nxf4 57. gxf4 {[#] Droht stark Ke4.} Kf5 58. Kd3 Nxh2 $2 {[%mdl 8192]} (58... Kxf4 $11 {und Schwarz steht sicher.} 59. Ke2 Nxh2) 59. Nxh2 $18 Kxf4 60. Ne2+ Kg5 61. Kxc2 Kh4 62. Kd3 g5 63. Nf1 g4 64. Nfg3 Kg5 65. Ke3 Kf6 66. Kf4 Ke6 67. Kg5 Ke5 68. Kh5 Kf6 69. Kh6 Kf7 70. Kg5 Ke6 71. Kf4 Kd5 72. Kf5 Kd6 73. Nf4 Kc6 74. Ke4 Kc5 75. Kd3 Kc6 76. Kc4 Kd6 77. Kd4 Kc6 78. Nd3 Kd6 79. Nf4 Kc6 80. Ne6 Kd6 81. Ng5 Kc6 82. Nf7 Kd7 83. Kd5 Kc7 84. Kc5 Kd7 85. Ng5 Ke7 86. Kd5 Kd7 87. N5e4 Kc7 88. Nc5 Kb6 89. Nd3 Kc7 90. Kc5 Kd7 91. Nf4 Kc7 92. Ne6+ Kd7 93. Kd5 Ke7 94. Nc5 Kf7 95. Kd6 Ke8 96. Nce4 Kf8 97. Ke6 Ke8 98. Nf6+ Kd8 99. Kd6 Kc8 100. Kc6 Kd8 101. Nd5 Ke8 102. Kc7 Kf7 103. Kd7 Kg6 104. Ke7 $2 (104. Ke6 $18 Kg5 105. Ne7) 104... Kg5 $11 105. Nc3 Kf4 {Precision: Weiß = 55%, Schwarz = 33%.} 1/2-1/2

[Event "83rd ESP-ch Women-ch 2018"]
[Site "Linares"]
[Date "2018.08.25"]
[Round "6"]
[White "Del Rio De Angelis, Salvador G"]
[Black "Perez Candelario, Manuel"]
[Result "1-0"]
[WhiteElo "2525"]
[BlackElo "2611"]
[Annotator "TA"]
[PlyCount "61"]
[EventDate "2018.08.20"]
[EventType "swiss"]
[EventCountry "ESP"]
[SourceTitle "playchess.com"]
[Source "ChessBase"]
[SourceQuality "1"]

{[%evp 30,61,101,104,100,95,102,100,95,92,246,252,252,250,608,610,1006,987,996,568,566,552,29995,642,583,455,441,422,29975,29976,29974,29975,29973,12585]} 1. d4 Nf6 2. c4 e6 3. Nc3 Bb4 4. Nf3 d5 5. e3 O-O 6. Bd3 dxc4 7. Bxc4 c5 8. O-O cxd4 9. exd4 b6 10. Re1 Bb7 11. Bd3 Nc6 12. a3 Be7 13. Bc2 Rc8 {E57: Nimzo-Indian: Rubinstein: Main Line: 7...Nc6 8 a3 dxc4 9 Bxc4 cxd4} (13... Re8 14. Qd3 g6 15. Bh6 Nd5 16. Ne4 Rc8 17. Bb3 Bf8 18. Bg5 Be7 19. Bxd5 exd5 20. Bxe7 Rxe7 21. Nc3 {½-½ (41) Peralta,F (2577)-Duda,J (2678) Barcelona 2016}) 14. Qd3 Re8 15. d5 exd5 16. Bg5 {LiveBook: 5 Games} Ne4 17. Nxe4 dxe4 18. Qxe4 g6 19. Qh4 Bxg5 $146 (19... Qd7 $16 {is a better defense.}) ({Predecessor:} 19... h5 20. Bb3 Bxg5 21. Nxg5 Rxe1+ 22. Rxe1 {1-0 (35) Loffler,W (2051)-Garus,E (2000) GER email 2012}) 20. Nxg5 $40 {[%cal Bf3g5,Bg5f7,Bf7e5][%mdl 160] Black is in trouble.} h5 {Hoping for ...Rxe1+.} 21. Qf4 Re7 $2 (21... Qd5 22. Ne4 Re6) 22. Bb3 {[%cal Rb3f7]} Qf8 {If only Black now had time for ...Nd8....} 23. Rxe7 Qxe7 24. Nxf7 {White threatens Qh6 and mate.} Rf8 {[%cal Rf8f7]} 25. Rd1 Na5 26. Ba2 (26. Qh6 $142 Rxf7 27. Qxg6+ Kh8 28. Bxf7 Qf8 {[#]} 29. Rd8 $1 {[%mdl 512]} Qxd8 30. Qh6#) 26... Bc6 27. Ne5+ Kg7 28. Qg3 Be8 {[#]} (28... Rf6 $18 29. b4 Ba4) 29. Rd7 $1 {[%mdl 512] White mates.} Qxd7 (29... Bxd7 30. Qxg6+) 30. Nxd7 Bxd7 31. Qc7 1-0

[Event "83rd ESP-ch Women-ch 2018"]
[Site "Linares"]
[Date "2018.08.25"]
[Round "6"]
[White "Asis Gargatagli, Hipolito"]
[Black "Suarez Uriel, Adrian"]
[Result "1-0"]
[WhiteElo "2515"]
[BlackElo "2391"]
[Annotator "TA"]
[PlyCount "61"]
[EventDate "2018.08.20"]
[EventType "swiss"]
[EventCountry "ESP"]
[SourceTitle "playchess.com"]
[Source "ChessBase"]
[SourceQuality "1"]

{[%evp 21,61,54,99,70,133,125,137,132,180,192,194,185,216,204,215,215,297,299,261,261,275,220,210,218,201,175,255,251,337,325,317,280,1448,1438,1658,1527,1899,1879,2296,1933,1835,1780]} 1. e4 c5 2. Nf3 Nc6 3. d4 cxd4 4. Nxd4 g6 5. c4 Bg7 6. Be3 Nf6 7. Nc3 O-O 8. Be2 d6 9. f3 Bd7 10. Qd2 Nxd4 11. Bxd4 a5 {LiveBook: 48 Partien. B38: Sizilianisch (Maroczy-Aufbau)} 12. h4 {[%cal Bh2h4,Bh4h5][%mdl 32]} (12. b3 Bc6 13. O-O Nd7 14. Be3 Nc5 15. Rab1 e6 16. a3 Be5 17. b4 axb4 18. axb4 Ra3 19. bxc5 Rxc3 20. f4 Bg7 21. e5 dxe5 22. Qxc3 exf4 23. Qd2 Qg5 {0-1 (43) Bu,X (2730)-Savchenko,B (2566) Riadh 2017}) 12... e6 $146 ({Besser ist} 12... h5 $14) ({Vorgänger:} 12... Bc6 13. O-O-O a4 14. g4 Qa5 15. h5 a3 16. b3 Rfc8 17. Kb1 e5 18. Be3 Ne8 19. hxg6 fxg6 {1-0 (27) Baskin,R (2339)-Godzwon,I (2218) Warsaw 2018}) 13. O-O-O Qe7 {Weiß steht besser.} 14. g4 Rfc8 15. Kb1 a4 16. a3 Be8 17. h5 Rd8 18. Rh3 Nd7 19. Bxg7 Kxg7 20. hxg6 fxg6 21. Rdh1 ({Weniger gut wäre} 21. Qxd6 Qxd6 22. Rxd6 Nc5 $14) 21... Nf8 22. f4 {[%cal Bf3f4,Bf4f5][%mdl 32]} Kg8 23. f5 Bc6 (23... Qf6 {war nötig.} 24. g5 Qe5 25. fxe6 Nxe6) 24. Bd3 $18 Rd7 25. Nd5 Qd8 26. fxg6 Nxg6 $2 {[#]} (26... Rg7 27. gxh7+ Kh8) 27. e5 $1 {[%mdl 512] Weiß steht klar auf Gewinn.} Bxd5 (27... dxe5 28. Bxg6) 28. cxd5 Qe8 29. dxe6 Rg7 30. Qh2 {[%cal Rh3h7]} Qxe6 31. Rxh7 {Precision: Weiß = 92%, Schwarz = 24%.} 1-0

[Event "83rd ESP-ch Women-ch 2018"]
[Site "Linares"]
[Date "2018.08.25"]
[Round "6"]
[White "Cuenca Jimenez, Jose Fernando"]
[Black "Aroshidze, Levan"]
[Result "1/2-1/2"]
[WhiteElo "2506"]
[BlackElo "2504"]
[Annotator "TA"]
[PlyCount "76"]
[EventDate "2018.08.20"]
[EventType "swiss"]
[EventCountry "ESP"]
[SourceTitle "playchess.com"]
[Source "ChessBase"]
[SourceQuality "1"]

{[%evp 35,76,23,14,14,12,32,25,40,31,16,21,0,0,0,0,0,20,22,29,29,31,29,29,29,29,29,29,29,29,29,29,29,29,8,8,8,8,0,0,0,0,0,8]} 1. d4 Nf6 2. c4 e6 3. Nc3 Bb4 4. Qc2 O-O 5. Nf3 c5 6. dxc5 Na6 {[%cal Bb8a6,Ba6c5,Bc5e4][%mdl 32]} 7. g3 Nxc5 8. Bg2 Nce4 9. O-O Nxc3 10. bxc3 Be7 11. e4 d6 12. e5 dxe5 13. Nxe5 Qc7 14. Qe2 Nd7 {E39: Nimzo-Indian: Classical: 4...c5 5 dxc5 0-0} 15. Bf4 Nxe5 16. Bxe5 Bd6 17. Rfe1 Rb8 18. Rad1 Bxe5 $1 {LiveBook: 20 Games} 19. Qxe5 Qxe5 20. Rxe5 b6 21. c5 f6 (21... Ba6 22. c6 {½-½ (43) Nakamura,H (2781)-Caruana,F (2799) London 2017}) 22. cxb6 axb6 {[#]} 23. Re2 $146 Kf7 24. Rb2 e5 25. Bd5+ Ke7 26. f4 Bg4 27. Re1 Be6 28. Bxe6 (28. Bg2 {with more complications.} b5 29. fxe5 f5 30. Reb1 Bc4 31. Bf1) 28... Kxe6 29. fxe5 $14 {[%mdl 4096] Endgame KRR-KRR} f5 30. Rb5 Rfc8 31. a4 {[%cal Ba2a4,Ba4a5][%mdl 32]} Rxc3 32. a5 Rc5 33. Reb1 Ra8 $1 34. axb6 Rc2 $1 {The position is equal.} 35. R5b2 Ra1 $1 36. Rxa1 Rxb2 37. Ra7 g6 38. Rxh7 {aiming for Rg7.} Kxe5 {Precision: White = 79%, Black = 86%.} 1/2-1/2

[Event "83rd ESP-ch Women-ch 2018"]
[Site "Linares"]
[Date "2018.08.25"]
[Round "6"]
[White "Espinosa Aranda, Angel"]
[Black "Domingo Nunez, Alejandro"]
[Result "1/2-1/2"]
[WhiteElo "2451"]
[BlackElo "2373"]
[Annotator "TA"]
[PlyCount "71"]
[EventDate "2018.08.20"]
[EventType "swiss"]
[EventCountry "ESP"]
[SourceTitle "playchess.com"]
[Source "ChessBase"]
[SourceQuality "1"]

{[%evp 14,71,18,22,35,22,41,17,59,39,50,43,53,-50,62,46,51,12,16,12,0,0,0,0,97,0,8,-56,-63,-72,-62,-56,-54,-48,-54,-122,-103,-85,0,0,0,0,0,0,0,0,0,0,16,16,8,4,7,7,8,0,0,0,0,-7]} 1. Nf3 Nf6 2. g3 b6 3. Bg2 Bb7 4. c4 g6 5. Nc3 Bg7 6. d4 {A15: English Opening: 1...Nf6} Ne4 (6... O-O 7. O-O e6 8. Bf4 d6 9. Qc2 Nbd7 10. Rad1 Qe7 11. e4 e5 12. Bc1 Rfe8 13. Nd5 Nxd5 14. cxd5 Rac8 15. dxe5 dxe5 {½-½ (68) Wang,Y (2690)-Mamedyarov,S (2804) chess.com INT 2018}) 7. Nxe4 Bxe4 8. Be3 {LiveBook: 3 Games} d5 $146 ({Predecessor:} 8... O-O 9. Qd2 d5 10. cxd5 Qxd5 11. Bh6 Nc6 12. Bxg7 Kxg7 13. Qc3 Qa5 14. Qxa5 bxa5 {½-½ (24) Arkell,K (2497)-Van Kampen,R (2615) England 2015}) 9. Rc1 dxc4 10. Rxc4 Nc6 11. Qc1 Qd5 12. O-O O-O 13. Ne1 (13. Rd1 $14) 13... Nd8 (13... Nxd4 $15 14. Bxd4 Bxd4) 14. Bxe4 Qxe4 15. Ng2 Ne6 16. Rd1 {[#] Black must now prevent d5.} b5 17. Qc2 Qd5 18. Rc6 g5 (18... Rad8 $11) 19. f3 ({White should try} 19. h4 $16) 19... Rfd8 20. Bf2 (20. b3 $11) 20... Qxa2 $15 {[%cal Rg7d4]} 21. e3 a5 22. f4 gxf4 23. Nxf4 Nxf4 24. exf4 {[#]} (24. gxf4 $15 a4 25. Rxc7) 24... a4 $1 $17 25. Rxc7 a3 (25... b4 $17) 26. bxa3 $1 $11 {The position is equal.} Qxc2 ({Much weaker is} 26... Rxa3 $6 27. Qxa2 Rxa2 28. Rxe7 $16) 27. Rxc2 Rxa3 28. Rb2 Ra4 29. Rxb5 Bxd4 30. Kf1 Ra1 31. Rxa1 Bxa1 32. Ke2 Kg7 33. h4 Ra8 34. Rb3 Ra5 35. Kf3 h5 36. Be3 {Precision: White = 56%, Black = 56%.} 1/2-1/2

[Event "83rd ESP-ch Women-ch 2018"]
[Site "Linares"]
[Date "2018.08.25"]
[Round "6"]
[White "Moreno Ruiz, Javier"]
[Black "Lianes Garcia, Marcos"]
[Result "1/2-1/2"]
[WhiteElo "2450"]
[BlackElo "2340"]
[Annotator "TA"]
[PlyCount "139"]
[EventDate "2018.08.20"]
[EventType "swiss"]
[EventCountry "ESP"]
[SourceTitle "playchess.com"]
[Source "ChessBase"]
[SourceQuality "1"]

{[%evp 21,139,19,26,8,4,6,56,21,46,39,46,49,74,66,55,71,74,40,67,53,78,83,77,79,122,70,64,58,200,144,139,132,123,132,160,139,132,145,133,185,153,141,136,136,160,77,65,10,4,15,53,5,72,66,67,69,65,20,128,128,107,119,170,152,165,169,164,166,178,174,191,173,173,146,147,130,116,108,191,185,204,200,222,183,181,149,264,275,270,269,259,218,259,215,195,206,209,218,171,171,181,170,596,191,596,595,485,576,474,443,689,65,76,0,0,0,97,0,0,0]} 1. d4 d5 2. c4 dxc4 3. e3 c5 4. Bxc4 e6 5. Nf3 Nf6 6. O-O a6 7. b3 b5 8. Be2 Bb7 9. Bb2 Nbd7 10. Nbd2 Be7 11. a4 {D27: Queen's Gambit Accepted: Classical main line: 7 e4!? and 7 a4} (11. Rc1 Rc8 12. Rc2 O-O 13. Qb1 cxd4 14. Rxc8 Qxc8 15. Nxd4 Qa8 16. Bf3 Rc8 17. Bxb7 Qxb7 18. Rc1 Rc7 {½-½ (27) L'Ami,E (2605)-Wirig,A (2481) Germany 2017}) 11... Qb6 {LiveBook: 6 Games} 12. axb5 axb5 13. dxc5 Nxc5 $146 ({Predecessor:} 13... Bxc5 14. Rxa8+ Bxa8 15. Nd4 b4 16. Nc4 Qb8 17. Bf3 O-O 18. Qe2 Ne4 {1-0 (68) Nurgali,N (2182)-Marzano,C (2269) Moscow 2018}) 14. Nd4 O-O 15. Bxb5 Rxa1 16. Bxa1 Ba6 17. Nc4 Qc7 $1 18. Bxa6 Nxa6 19. Qf3 Rc8 20. Bc3 {[%cal Ba1c3,Bc3a5,Ba5b6,Bb6a7][%mdl 32]} Nd5 21. Ba5 Qc5 22. Rd1 Bf6 23. Ne2 ({Better is} 23. Nf5 $1 $16) 23... Rb8 $14 24. e4 Ne7 (24... Ndb4 $14) 25. Bb6 Qb5 26. Ba7 Rf8 27. Nd4 Bxd4 28. Bxd4 Nc6 29. Bb2 Nc5 30. Ba3 Nb4 31. Qc3 Nba6 32. f3 Rb8 33. Na5 (33. b4 $142 $1 {[%cal Rb4c5]} Nb7 34. Ne5) 33... h6 $16 34. Rb1 $40 {[%mdl 128] White attacks.} ({White should play} 34. Rd6 $14) 34... Na4 $11 35. Qd2 N4c5 36. g3 Nb4 (36... Rc8 $11 {remains equal.}) 37. Bxb4 Qxb4 38. Qxb4 Rxb4 $16 {[%mdl 4096] Endgame KRN-KRN} 39. Kf1 f5 (39... Kf8 $11) 40. exf5 exf5 41. Ke2 $1 Kf7 (41... f4 $16 {is a better defense.} 42. Kd2 Na6) 42. Kd2 $1 $18 Rb5 43. b4 Na4 44. Nc4 Kf6 45. Kc2 g5 46. Kb3 Nc5+ 47. Kc3 Na4+ 48. Kd4 Ke6 49. Ne3 Nb6 (49... f4 $16) 50. f4 gxf4 51. gxf4 h5 52. h4 Nc8 53. Nc4 Rd5+ (53... Ne7 $16) 54. Kc3 Na7 55. Re1+ Kf6 {intending ...Nb5+.} 56. Ne5 Rd8 57. Rg1 {Threatens to win with Rg6+.} Nb5+ {[#]} 58. Kc4 $1 Nd6+ {[#]} 59. Kc5 $1 {Rg6+ is the strong threat.} Ne4+ 60. Kc6 {aiming for b5.} Rd6+ 61. Kc7 Rd2 $2 (61... Rd5 62. Rg6+ Ke7) 62. Rg6+ Ke7 63. b5 {[%cal Bb4b5,Bb5b6][%mdl 32]} Nc3 64. b6 Nd5+ 65. Kc8 Nxf4 (65... Nxb6+ $142 66. Rxb6 Rd1) 66. Rc6 $2 (66. Nc6+ $18 Kf7 67. b7) 66... Ne6 $1 $14 67. Ng6+ Kf7 $1 68. Ne5+ Ke7 $1 69. Ng6+ (69. Kb8 $16) 69... Kf7 $1 $11 70. Ne5+ {Precision: White = 66%, Black = 52%.} 1/2-1/2

[Event "83rd ESP-ch Women-ch 2018"]
[Site "Linares"]
[Date "2018.08.25"]
[Round "6"]
[White "Garza Marco, Sergio"]
[Black "Arizmendi Martinez, Julen Luis"]
[Result "1/2-1/2"]
[WhiteElo "2414"]
[BlackElo "2507"]
[Annotator "TA"]
[PlyCount "63"]
[EventDate "2018.08.20"]
[EventType "swiss"]
[EventCountry "ESP"]
[SourceTitle "playchess.com"]
[Source "ChessBase"]
[SourceQuality "1"]

{[%evp 29,63,-18,0,0,0,0,0,-28,-15,-59,-59,-56,0,-10,0,4,0,0,0,-22,-25,-28,-13,-14,-13,-15,-14,-27,-33,-25,-31,-36,-9,-19,0,-8]} 1. d4 d5 2. Bf4 Nf6 3. e3 e6 4. Nd2 Bd6 5. Bg3 O-O 6. Ngf3 c5 7. c3 Qc7 8. Bd3 Nbd7 9. O-O e5 10. dxe5 Nxe5 11. Nxe5 Bxe5 12. Bxe5 Qxe5 13. Qf3 {D02: 1 d4 d5 2 Nf3 sidelines, including 2...Nf6 3 g3 and 2...Nf6 3 Bf4} (13. h3 b6 14. Nf3 Qe7 15. Qe2 Bb7 16. Ba6 Rad8 17. Bxb7 Qxb7 18. a4 Rfe8 19. Qd3 Qc6 20. Rfd1 h6 21. a5 {0-1 (44) Golubov,S (2501)-Sychev,K (2498) Moscow 2017}) 13... Re8 14. Qg3 Qxg3 15. hxg3 Bd7 {LiveBook: 3 Games} 16. Rfd1 Ba4 $146 ({Predecessor:} 16... Bc6 17. a4 Rad8 18. Nf3 Ne4 19. Nd2 Nxd2 20. Rxd2 a5 21. Bb5 Kf8 22. Rad1 Ke7 23. f3 Rd6 {½-½ (22) Perhinig,R (2253)-Kuba,G (2384) Austria 2012}) 17. b3 Bc6 18. b4 Ba4 {[#] White must now prevent ...c4.} 19. Rdb1 c4 20. Be2 Bc2 21. Rc1 Bd3 22. Bxd3 cxd3 23. Nb3 Rac8 24. Rd1 Rxc3 25. Nc5 d4 26. exd4 Rd8 27. Nxd3 Rc4 28. d5 Rxd5 29. Rdc1 Rxc1+ 30. Rxc1 {[#] Rc8+ would kill now.} g5 31. Rc3 b6 32. Kf1 {Precision: White = 50%, Black = 36%.} 1/2-1/2